| 000 | 01274nam a2200313 u 4500 | ||
|---|---|---|---|
| 001 | 000020786 | ||
| 003 | DO-SdBNP | ||
| 005 | 20210531134846.0 | ||
| 008 | 100802s2015 dr r 000 0 spa d | ||
| 020 | _a9789945895865 | ||
| 040 |
_aBPMSU _bspa _cBPMSU |
||
| 082 |
_a364.152097293 _bC697e _222 |
||
| 100 | 1 |
_aCollado, Lipe, _d1947- |
|
| 245 | 1 | 0 |
_aEran una sola sombra larga : _binvestigación, interpretación y conclusión sobre las muertes de Jean Awad y Pilar Báez en la tiranía de Trujillo / _cLipe Collado |
| 260 |
_aSanto Domingo : _bMuseo Memorial de la Resistencia Dominicana, _c2015. |
||
| 300 |
_a309 p. ; _c23 cm. |
||
| 500 | _aIncluye índice onomástico | ||
| 500 | _aIncluye referencias bibliográficas y notas al pie de las páginas | ||
| 504 | _aBibliografías : p. 293-300 | ||
| 590 | _6Inventariado, 2021/VM | ||
| 600 | 4 |
_aBáez Perelló, Pilar _v Asesinato. |
|
| 600 | 4 |
_aAwad Canaán, Jean _vAsesinato. |
|
| 650 | 4 |
_aAsesinato _zRepública Dominicana _xHistoria _y Siglo XX. |
|
| 650 | 4 |
_aAsesinatos _xInvestigación _zRepública Dominicana. |
|
| 651 | 4 |
_a República Dominicana _xHistoria _yEra de Trujillo, 1930-1961 _2 |
|
| 651 | 4 |
_aRepública Dominicana _xPolítica y gobierno _y1930-1961. |
|
| 910 | _aVMateo | ||
| 942 |
_2ddc _cBK |
||
| 999 |
_c13547 _d13547 |
||